000 00654cam a2200265 4500
001 J1518
008 090401t1992 xxu||||| |||| 00| 0 eng d
035 _a(Sirsi) u43934
041 _aeng
050 _a332.632409493
110 _aClifford Chance
_92015
245 _aInvesting in commercial property in Belgium.
260 _aLondon
_bClifford Chance
_c1992
300 _a41p. ; 30cm.
350 _a0
650 _aBELGIUM
650 _aPROPERTY-COMMERCIAL PROPERTY
650 _aLEASES
650 _aPLANNING
650 _aPROPERTY INVESTMENT
650 _aTAXATION
690 _aOVERSEAS-EUROPE
942 _n0
948 _c04/03/1997
999 _c91410
_d91410